MARC

LEADER 00000nam a22000007a 4500
005 20201029001859.0
007 cr|||| ||||
008 201029s2020 mx |||||s|||| 00||0 spa d
020 |a 978-607-563-057-1 
035 |a 32202 
040 |a vLex 
090 |c 10809  |d 10809 
100 1 |a Benavides Pintos, Mara̕ Alicia 
245 1 0 |a Programas para evaluaciones fiscales en empresas comerciales e industriales  |h [Recurso electrn̤ico] /  |c Mara̕ Alicia Benavides Pintos, Domingo Burciaga Alvarado, Rodolfo Jos ̌Luis Figueroa Lorrabaquio, Jaime Hernǹdez Romero, Miguel ℓngel Mayorga Acevedo, Ricardo Martn̕ez Cureǫ, Jos ̌de Jess︢ Prado Arciniega, Javier Rojas Palma, Juan Carlos Rueda Lp̤ez, Gricelda Alicia Soto Alvarado, Juan Carlos Pardo Casillas, Reyna Miguel Santillǹ 
256 |a Servicio en ln̕ea 
260 |a Ciudad de Mx̌ico:  |b Instituto Mexicano de Contadores Pb︢licos,  |c 2020 
300 |a 1 recurso electrn̤ico 
506 1 |a Disponible solo en los productos indicados  |d vLex Global  |d vLex Global (Academic Edition, excluding Law Schools)  |d vLex Global (U.S. Academic Edition, Law Schools)  |d vLex Global (U.S. Academic Edition, excluding Law Schools)  |d vLex Global (Academic Edition, Law Schools) 
650 0 4 |a Inspeccin̤ tributaria  |z Mx̌ico 
700 1 |a Burciaga Alvarado, Domingo 
700 1 |a Figueroa Lorrabaquio, Rodolfo Jos ̌Luis 
700 1 |a Hernǹdez Romero, Jaime 
700 1 |a Mayorga Acevedo, Miguel ℓngel 
700 1 |a Martn̕ez Cureǫ, Ricardo 
700 1 |a Prado Arciniega, Jos ̌de Jess︢ 
700 1 |a Rojas Palma, Javier 
700 1 |a Rueda Lp̤ez, Juan Carlos 
700 1 |a Soto Alvarado, Gricelda Alicia 
700 1 |a Pardo Casillas, Juan Carlos 
700 1 |a Santillǹ, Reyna Miguel 
740 0 |a vLex Libros (Servicio en ln̕ea) 
856 4 0 |u http://vlex.com/source/programas-para-evaluaciones-fiscales-en-empresas-comerciales-e-industriales-32202  |z Acceso restringido 
942 |c BOOK 
999 0 |a Tax inspection